Mitologia nordica - Statistics

Statistiche generali
  • Questo quiz è stato fatto 125 volte
  • Il punteggio medio è 10 su 52
Statistiche sulle risposte
Caratteristiche Divinità % Corretto
Dio della guerra, della saggezza e della poesia Óðinn
98%
Difensore di Ásgarðr e Miðgarðr Þórr
93%
Dio dell'astuzia e degli inganni Loki
82%
Dio dell'agricoltura, della fertilità e della pace Freyr
66%
Grande lupo Fenrir
60%
Dio della morte Hel
49%
Dio della luce e della purezza Baldr
46%
Dea dell'amore e della bellezza Freyja
45%
Dea dei matrimoni e della maternità Frigg
42%
Dio della guerra, della giustizia e del diritto Týr
42%
Guardiano degli dei Heimdallr
38%
Gigante primordiale Hymir
36%
Serpente che circonda Miðgarðr Jǫrmungandr
33%
Guardiano di Múspellheim Surt
27%
Moglie del precedente Sif
22%
Dio del mare, del vento e della ricchezza Njǫrðr
20%
Moglie del precedente Angrboða
19%
Fratello del precendente
18%
Fratello del precendente Vili
18%
Sole Sól
16%
Dea delle montagne e della caccia Skaði
13%
Padre del successivo Borr
12%
Dio della poesia Bragi
12%
Primo dio Búri
12%
Dio del mare Ægir
8%
Dio della forza Magni
8%
Uccise il successivo Hǫðr
7%
Dio del coraggio Móði
7%
Dea del mare Rán
7%
Mucca primordiale Auðhumla
6%
Curò il siccessivo quando fu ferito Sigyn
5%
Guardiano di Útgarðr Útgarða-Loki
5%
Uccise il precedente Viðarr
5%
Terra Jǫrð
4%
Dea della potenza Þrùðr
4%
Dio dell'inverno Ullr
4%
Uccise il successivo Váli
4%
Dio della giustizia Forseti
3%
Dea della giustizia Iðunn
3%
Luna Máni
3%
Moglie del precedente Nanna
3%
Serva della precedente Fulla
2%
Messaggero degli dei Hermóðr
2%
Marito della successiva Óðr
2%
Dea protettrice dei matrimoni Vár
2%
Dio degli incendi Fárbauti
1%
Moglie del precedente Gerðr
1%
Dea protettrice degli uomini Hlín
1%
Figlio della precedente Hnoss
1%
Moglie del precedente Laufey
1%
Dea dell'amore Lofn
0%
Fratello del successivo Meili
0%
Nessun quiz corrispondente trovato
Distribuzione punteggi
Percentuale di utenti per punteggio
Percentile per numero di risposta
I tuoi punteggi nel tempo
Non hai fatto questo quiz